Príklady odpisovania v rozpočtových organizáciách

Na minha lista:
Detalhes bibliográficos
Autor principal: Kordošová, Alena, 1970-
Formato: Capítulo de Livro
Idioma:eslovaco
Tags: Adicionar Tag
Sem tags, seja o primeiro a adicionar uma tag!

MARC

LEADER 00000naa$a2200000$$$4500
001 0066790
005 20240502071808.8
041 0 |a slo 
044 |a SK 
245 1 0 |a Príklady odpisovania v rozpočtových organizáciách  |c Alena Kordošová 
100 1 |a Kordošová, Alena, 1970-